000
00332 a2200157 4500
001
61124
020
_a
0194389049
040
_c
Anchieta - Pituba
100
_a
Soars, Liz
240
1
0
_a
American Headway
_l
Ing
245
1
0
_a
American Headway
300
_a
81
362
0
_a
2004
650
4
_a
Inglês e inglês antigo
942
_c
BK
999
_c
61124
_d
61124